000 00660nas a2200229 4500
001 BR9211435
003 BR-BrBNA
005 20231205093458.0
007 ta
008 230509b bl.|||p| |||| 00| 00por d
040 _aBR-BrBNA
_bpor
_cBiblioteca Nacional de Agricultura
041 _a(Pt)
072 _aE16
100 1 _aBarros, J.B. de
245 1 _aBrasil com cinco bilhoes de pes [cafe]
650 _aCAFE
650 _aSAFRA
650 _aESTATISTICA DE PRODUCAO
773 0 _tRevista do Comercio de Cafe (Brazil)
_xISSN 0034-9224
_g(Feb 1987), v. 66(729) p. 24-25
_wBR9211435
909 _a202311
_bLúcia
_c55
_dLúcia Elande
942 _2AGRIS
_n0
_cANA
999 _c138644
_d138644